Movies by Plot Quiz Stats

 Plays Quiz Updated May 31, 2018

Score 0/24 Timer 06:00
2 Plays Today
Plot Movie % Correct
A cowboy toy is profoundly threatened and jealous when a fancy spaceman toy supplants him as top toy in a boy's room.Toy Story
92.1%
In the distant future, a small waste collecting robot inadvertently embarks on a space journey that will ultimately decide the fate of mankind.WALL-E
79.8%
The story about the lives of guards on death row leading up to the execution of a black man accused of child murder & rape, who has the power of faith healing.The Green Mile
72.5%
Two imprisoned men bond over a number of years, finding solace and eventual redemption through acts of common decency.The Shawshank Redemption
72.2%
An insurance salesman/adjuster discovers his entire life is actually a TV show.The Truman Show
70.1%
King Arthur and his knights embark on a low-budget search for the Grail, encountering many very silly obstacles.Monty Python and the Holy Grail
65.2%
A troubled teenager is plagued by visions of a large bunny rabbit that manipulates him to commit a series of crimes, after narrowly escaping a bizarre accident.Donnie Darko
58%
Comedic tale of company workers who hate their jobs and decide to rebel against their greedy boss.Office Space
58%
A former neo-nazi skinhead tries to prevent his younger brother from going down the same wrong path that he did.American History X
57.9%
After a brilliant but asocial mathematician accepts secret work in cryptography, his life takes a turn to the nightmarish.A Beautiful Mind
57.4%
A computer hacker learns from mysterious rebels about the true nature of his reality and his role in the war against the controllers of it.The Matrix
54.2%
A Polish Jewish musician struggles to survive the destruction of the Warsaw ghetto of World War II.The Pianist
52.7%
Plot Movie % Correct
An angel helps a compassionate but despairingly frustrated businessman by showing what life would have been like if he never existed.It's a Wonderful Life
51.1%
A man, suffering from short-term memory loss, uses notes and tattoos to hunt for the man he thinks killed his wife.Memento
49.8%
In the fascist Spain of 1944, the bookish young stepdaughter of a sadistic army officer escapes into an eerie but captivating fantasy world.El laberinto del fauno
43.6%
Following the death of a publishing tycoon, news reporters scramble to discover the meaning of his final utterance.Citizen Kane
41.9%
A poor Midwest family is forced off of their land. They travel to California, suffering the misfortunes of the homeless in the Great Depression.The Grapes of Wrath
39.9%
A failing ice hockey team finds success using constant fighting and violence during games.Slap Shot
28.7%
The hopes and dreams of four ambitious people are shattered when their drug addictions begin spiraling out of control.Requiem for a Dream
28.2%
Two boys growing up in a violent neighborhood of Rio de Janeiro take different paths: one becomes a photographer, the other a drug dealer.Cidade de Deus
26%
In a future world devastated by disease, a convict is sent back in time to gather information about the man-made virus that wiped out most of the human population on the planet.Twelve Monkeys
25.7%
The mostly true story of the legendary director of awful movies and his strange group of friends and actors.Ed Wood
23.7%
A bounty hunting scam joins two men in an uneasy alliance against a third in a race to find a fortune in gold buried in a remote cemetery.Il buono, il brutto, il cattivo
13.5%
The rise and fall of a corrupt politician, who makes his friends richer and retains power by dint of a populist appeal.All the King's Men
8.8%

You're not logged in!

Compare scores with friends on all Sporcle quizzes.
OR
Log In

Sporcle TV

Today on Sporcle TV


Watch our educational content, quiz creation guides, and fun videos on Sporcle TV.

Show Comments

Extras

Top Quizzes Today


Score Distribution

Your Account Isn't Verified!

In order to create a playlist on Sporcle, you need to verify the email address you used during registration. Go to your Sporcle Settings to finish the process.

Report this User

Report this user for behavior that violates our Community Guidelines.

Details: